00184nam a2200085Ia 4500100000900000654002900009245003900038260000900077546001200086 a#N/A aengineering of materials aScince of Engineering of Materials b#N/A aENGLISH